Logo BPK

Biblioteka

Politechniki Koszalińskiej

Efektywne sterowanie nakładkowaniem : (Rekord nr 23137)

Szczegóły MARC
000 -ETYKIETA REKORDU
podpole kontrolne o stałej długości 00761nam a2200205 i 4500
001 - NUMER KONTROLNY REKORDU
pole kontrolne bg
040 ## - ŹRÓDŁO KATALOGOWANIA
Instytucja, która utworzyła rekord BPK
041 ## - KOD JĘZYKA
Kod języka tekstu pol
080 ## - UNIWERSALNA KLASYFIKACJA DZIESIĘTNA - UKD
UKD 681.322.06:519.682
008 - POLE O STAŁEJ DŁUGOŚCI - DANE KONTROLNE
podpole kontrolne o stałej długości s pl f |000 0 pol
100 1# - NAZWA OSOBOWA
Nazwa osobowa GAJEWSKI, Krzysztof
245 #0 - TYTUŁ/ODPOWIEDZIALNOŚĆ
Tytuł Efektywne sterowanie nakładkowaniem :
Ciąg dalszy tytułu rozszerzanie interpretera BASICa CBM V.2 /
Pozostałe elementy strefy tytułu i oznaczenia odpowiedzialności Krzysztof Gajewski, Bogusław Radziszewski.
260 ## - STREFA ADRESU WYDAWNICZEGO
Miejsce wydania Warszawa :
Nazwa wydawcy/dystrybutora IPPT PAN,
Data publikacji, dystrybucji/powstania dokumentu 1986.
300 ## - STREFA OPISU FIZYCZNEGO
Objętość 24 s. ;
Rozmiary 20 cm.
490 1# - STREFA SERII I DOKUMENTU WIELOCZĘŚCIOWEGO - FORMA NIE DO WYSZUKIWANIA
Tytuł i oznaczenie odpowiedzialności serii Prace IPPT / Instytutu Podstawowych Problemów Techniki Polskiej Akademii Nauk,
ISSN 0208-5658 ;
Numeracja w obrębie serii 24
504 ## - UWAGA DOTYCZĄCA BIBLIOGRAFII
Informacje o bibliografii Bibliogr. s. 23.
700 1# - HASŁO DODATKOWE - NAZWA OSOBOWA
Nazwa osobowa RADZISZEWSKI, Bogusław
830 #0 - HASŁO DODATKOWE SERII LUB DOKUMENTU WIELOCZĘŚCIOWEGO - TYTUŁ UJEDNOLICONY
Tytuł ujednolicony Prace IPPT (Instytutu Podstawowych Problemów Techniki Polskiej Akademii Nauk) ;
Oznaczenie tomu 24
856 ## - LOKALIZACJA I DOSTĘP DO ELEKTRONICZNYCH DOKUMENTÓW ZDALNYCH
Link (URL) http://koha.tu.koszalin.pl/cgi-bin/koha/opac-detail.pl?biblionumber=23137
Tekst linku Katalog online BPK
942 ## - DODATKOWE ELEMENTY (KOHA)
Typ dokumentu Książka
Egzemplarze
Wycofany Status egzemplarza Uszkodzony Dostępność Lokalizacja stała Lokalizacja bieżąca Miejsce przechowywania Sygnatura Kod kreskowy Typ dokumentu
      Dostępny Biblioteka Politechniki Koszalińskiej Biblioteka Politechniki Koszalińskiej Wypożyczalnia BG 33151 01588330 Książka
© 2023 Biblioteka Politechniki Koszalińskiej :: KOHA